[Event "CZE-ch U12"]
[Site "Kouty nad Desnou"]
[Date "2024.03.14"]
[Round "7"]
[White "Krisica, Lukas"]
[Black "Hladky, Mikulas"]
[Result "0-1"]
[WhiteElo "1531"]
[BlackElo "1798"]
[PlyCount "66"]
[EventDate "2024.03.09"]
[EventType "swiss"]
[EventRounds "9"]
[EventCountry "CZE"]
[SourceTitle "CB12_2024"]
[SourceDate "2023.10.01"]
[SourceVersion "1"]
[SourceVersionDate "2023.10.01"]
[SourceQuality "1"]

1. Nf3 Nf6 2. d4 g6 3. c4 Bg7 4. Nc3 d5 5. Bg5 Ne4 6. cxd5 Nxg5 7. Nxg5 e6 8. Nf3 exd5 9. e3 0-0 10. Bd3 b6 11. 0-0 Bb7 12. Rc1 c6 13. Re1 Nd7 14. Ne2 c5 15. Qd2 c4 16. Bb1 b5 17. a3 a5 18. Qc3 Qb6 19. b3 b4 20. axb4 axb4 21. Qc2 Rfc8 22. Nf4 Ra3 23. Nd2 Qb5 24. bxc4 dxc4 25. Nxc4 Rc3 26. Qe2 Qxc4 27. Qxc4 R8xc4 28. Rcd1 b3 29. e4 b2 30. e5 Rc1 31. Ba2 Rxd1 32. Rxd1 Rc1 33. Rxc1 bxc1Q# 0-1

[Event "CZE-ch U12"]
[Site "Teplice"]
[Date "2023.03.13"]
[Round "4"]
[White "Rudlof, Adam"]
[Black "Hladky, Mikulas"]
[Result "0-1"]
[WhiteElo "1409"]
[BlackElo "1476"]
[PlyCount "90"]
[EventDate "2023.03.11"]
[EventType "swiss"]
[EventRounds "9"]
[EventCountry "CZE"]
[SourceTitle "CBM 213 Extra"]
[Source "ChessBase"]
[SourceDate "2023.05.31"]
[SourceVersion "1"]
[SourceVersionDate "2023.05.31"]
[SourceQuality "1"]

1. e4 e5 2. Nf3 Nc6 3. Bc4 Nf6 4. d4 exd4 5. e5 d5 6. Bb5 Ne4 7. 0-0 Bc5 8. Nxd4 Bd7 9. Be3 Bb6 10. Bxc6 bxc6 11. c3 0-0 12. Nd2 Nxd2 13. Qxd2 Re8 14. Nf3 Bg4 15. Nd4 c5 16. Nb3 c4 17. Bxb6 axb6 18. Nd4 Rxe5 19. Nc6 Re2 20. Qd4 Qg5 21. f4 Qf5 22. Ne5 Qe6 23. Rfe1 c5 24. Qd1 Rxg2+ 25. Kxg2 Bxd1 26. Raxd1 f6 27. Nf3 Qg4+ 28. Kf2 Rxa2 29. Re2 Qxf4 30. Rxd5 g5 31. Rd7 Kf8 32. h3 h5 33. Kg2 g4 34. Rd8+ Kf7 35. Ng1 gxh3+ 36. Kxh3 h4 37. Rg2 Rxb2 38. Rd7+ Ke6 39. Rd8 Rxg2 40. Kxg2 Qg3+ 41. Kf1 Qxc3 42. Ne2 Qf3+ 43. Ke1 Ke7 44. Rb8 h3 45. Rh8 Qg2 0-1

[Event "EU Union-ch U10"]
[Site "Pec pod Snezkou"]
[Date "2022.08.29"]
[Round "8"]
[White "Beniosev, Daniel"]
[Black "Hladky, Mikulas"]
[Result "1-0"]
[WhiteElo "1403"]
[BlackElo "1576"]
[PlyCount "47"]
[EventDate "2022.08.22"]
[EventType "swiss"]
[EventRounds "9"]
[EventCountry "CZE"]
[SourceTitle "EXT 2023"]
[Source "ChessBase"]
[SourceDate "2022.10.05"]
[SourceVersion "1"]
[SourceVersionDate "2022.10.05"]
[SourceQuality "1"]

1. e4 e5 2. Nc3 Nf6 3. f4 d5 4. fxe5 Nxe4 5. Qf3 Nxc3 6. bxc3 Qh4+ 7. g3 Qe4+ 8. Qxe4 dxe4 9. Bg2 Bf5 10. d4 Nc6 11. Rb1 b6 12. Ne2 Be7 13. 0-0 Bg6 14. Nf4 Na5 15. Nxg6 hxg6 16. Bxe4 Rd8 17. Bf4 g5 18. Bc1 g6 19. Bd3 c5 20. Be3 cxd4 21. cxd4 Rh7 22. e6 f5 23. g4 Bd6 24. Bb5+ 1-0

[Event "Ceske Budejovice op-A"]
[Site "Ceske Budejovice"]
[Date "2022.07.04"]
[Round "4"]
[White "Hladky, Mikulas"]
[Black "Shirinyan, Daniel"]
[Result "1/2-1/2"]
[WhiteElo "1549"]
[BlackElo "1876"]
[PlyCount "44"]
[EventDate "2022.07.01"]
[EventType "swiss"]
[EventRounds "9"]
[EventCountry "CZE"]
[SourceTitle "CBM 209 Extra"]
[Source "ChessBase"]
[SourceDate "2022.09.30"]
[SourceVersion "1"]
[SourceVersionDate "2022.09.30"]
[SourceQuality "1"]

1. e4 c5 2. Nf3 d6 3. Bb5+ Bd7 4. Bxd7+ Qxd7 5. 0-0 Nc6 6. Re1 g6 7. c3 Bg7 8. d4 b6 9. Bf4 Rd8 10. d5 Ne5 11. Bxe5 Bxe5 12. Nxe5 dxe5 13. c4 Nf6 14. Nc3 0-0 15. Qf3 Nh5 16. g3 Qc8 17. Nb5 Qb8 18. Qe3 Kg7 19. Rad1 a6 20. Nc3 Nf6 21. Kg2 h5 22. Qg5 Rfe8 1/2-1/2

[Event "CZE-chT U12"]
[Site "Jihlava"]
[Date "2022.06.12"]
[Round "9.4"]
[White "Hladky, Mikulas"]
[Black "Jenikova, Sabina"]
[Result "1-0"]
[WhiteElo "1549"]
[BlackElo "1091"]
[PlyCount "141"]
[EventDate "2022.06.10"]
[EventType "team-swiss"]
[EventRounds "9"]
[EventCountry "CZE"]
[SourceTitle "CBM 209 Extra"]
[Source "ChessBase"]
[SourceDate "2022.09.30"]
[SourceVersion "1"]
[SourceVersionDate "2022.09.30"]
[SourceQuality "1"]
[WhiteTeam "Jundrov Jezdci U12"]
[BlackTeam "Celakovice Spartak U12"]
[WhiteTeamCountry "CZE"]
[BlackTeamCountry "CZE"]

1. e4 e5 2. Nf3 Nc6 3. Bb5 Bd6 4. 0-0 Nf6 5. Nc3 a6 6. Ba4 Bb4 7. a3 Bxc3 8. dxc3 0-0 9. Re1 Re8 10. Bxc6 dxc6 11. Qxd8 Rxd8 12. Nxe5 Re8 13. Nd3 Bd7 14. f3 b6 15. Bg5 c5 16. Bxf6 gxf6 17. Rad1 Ba4 18. b3 Bb5 19. c4 Bc6 20. Nf4 b5 21. Nd5 Bxd5 22. cxd5 Red8 23. c3 a5 24. c4 b4 25. a4 Kh8 26. g4 Rg8 27. h3 Rad8 28. Kf2 h6 29. Rd3 Rde8 30. Red1 Rd8 31. d6 cxd6 32. Rxd6 Rxd6 33. Rxd6 Kg7 34. Rc6 Rd8 35. Ke2 Ra8 36. Rxc5 Kg6 37. Rb5 Ra7 38. c5 Ra6 39. Rb6 Ra7 40. c6 Rc7 41. Kd3 Rc8 42. Kc4 Kg5 43. Kc5 Kf4 44. Rb7 Ke5 45. Re7+ Kf4 46. Rxf7 Ke5 47. f4+ Ke6 48. Rh7 h5 49. gxh5 f5 50. exf5+ Kf6 51. c7 Kxf5 52. Kc6 Ke6 53. Rh6+ Ke7 54. Rh7+ Ke6 55. f5+ Kxf5 56. Rd7 Ke6 57. Rd8 Rxc7+ 58. Kxc7 Ke7 59. Rd1 Ke6 60. h6 Ke5 61. h7 Ke6 62. h8Q Ke7 63. Re1+ Kf7 64. Qe8+ Kf6 65. Rf1+ Kg7 66. Qf7+ Kh6 67. Qg8 Kh5 68. Qg4+ Kh6 69. Rf6+ Kh7 70. Qg5 Kh8 71. Rh6# 1-0

[Event "CZE-chT U12"]
[Site "Jihlava"]
[Date "2022.06.12"]
[Round "8.4"]
[White "Kroulik, Stepan"]
[Black "Hladky, Mikulas"]
[Result "1/2-1/2"]
[WhiteElo "1251"]
[BlackElo "1549"]
[PlyCount "123"]
[EventDate "2022.06.10"]
[EventType "team-swiss"]
[EventRounds "9"]
[EventCountry "CZE"]
[SourceTitle "CBM 209 Extra"]
[Source "ChessBase"]
[SourceDate "2022.09.30"]
[SourceVersion "1"]
[SourceVersionDate "2022.09.30"]
[SourceQuality "1"]
[WhiteTeam "Rychnov nad Kneznou U12"]
[BlackTeam "Jundrov Jezdci U12"]
[WhiteTeamCountry "CZE"]
[BlackTeamCountry "CZE"]

1. e4 e5 2. Nf3 Nc6 3. Bb5 a6 4. Bxc6 dxc6 5. d3 Bd6 6. Nbd2 Nf6 7. b3 0-0 8. h3 Re8 9. 0-0 Bd7 10. Bb2 c5 11. Nc4 b5 12. Ncxe5 Bxe5 13. Nxe5 Re6 14. f4 Qe7 15. Qf3 h6 16. Nxd7 Qxd7 17. Rae1 Rae8 18. Qg3 Rb6 19. Bc1 Kf8 20. f5 Qd4+ 21. Kh1 Qe5 22. Bf4 Qe7 23. Bxc7 Nh5 24. Qh2 Rc6 25. Bf4 Nxf4 26. Qxf4 Qe5 27. Qxe5 Rxe5 28. c3 Rd6 29. Rd1 Re8 30. Rd2 c4 31. bxc4 bxc4 32. Rfd1 Red8 33. d4 f6 34. Re2 Re8 35. g4 Rb6 36. Kg2 a5 37. Kf3 a4 38. e5 fxe5 39. dxe5 a3 40. Kf4 Rb2 41. Rxb2 axb2 42. Rb1 Rb8 43. Ke3 Rb5 44. Kd4 Ke7 45. Kxc4 Rxe5 46. Rxb2 Re3 47. Rh2 Re4+ 48. Kd5 Ra4 49. c4 Kd7 50. c5 Ra5 51. h4 Ra4 52. g5 hxg5 53. hxg5 Rg4 54. Rh5 Rf4 55. Ke5 Rc4 56. Rh7 Rxc5+ 57. Kd4 Rxf5 58. Rxg7+ Ke6 59. Rg6+ Ke7 60. Ke4 Ra5 61. Rb6 Rxa2 62. Kf5 1/2-1/2

[Event "Brno Trade op"]
[Site "Brno"]
[Date "2021.09.01"]
[Round "5"]
[White "Kozubik, Pavel"]
[Black "Hladky, Mikulas"]
[Result "0-1"]
[WhiteElo "1279"]
[BlackElo "1223"]
[PlyCount "114"]
[EventDate "2021.08.29"]
[EventType "swiss"]
[EventRounds "9"]
[EventCountry "CZE"]
[SourceTitle "CBM 204 Extra"]
[Source "ChessBase"]
[SourceDate "2021.11.30"]
[SourceVersion "1"]
[SourceVersionDate "2021.11.30"]
[SourceQuality "1"]

1. e4 e5 2. Nf3 Nc6 3. Bc4 Nf6 4. d4 exd4 5. c3 dxc3 6. Nxc3 Bb4 7. 0-0 Bxc3 8. bxc3 0-0 9. Ba3 Re8 10. Qb3 Kh8 11. Ng5 Ne5 12. f4 Nxe4 13. Nxe4 Nxc4 14. Qxc4 d5 15. Qb3 Rxe4 16. f5 c6 17. Rad1 Qb6+ 18. Kh1 Qxb3 19. axb3 b5 20. h3 Ba6 21. b4 Rae8 22. Rf3 Re1+ 23. Rxe1 Rxe1+ 24. Kh2 f6 25. Kg3 Kg8 26. Kf4 Bc8 27. g4 Re4+ 28. Kg3 Kf7 29. Bc1 g6 30. Be3 a6 31. Bd4 gxf5 32. gxf5 Re2 33. Rf4 Ra2 34. Kg4 Rg2+ 35. Kf3 Rg5 36. h4 Rxf5 37. Rxf5 Bxf5 38. Kf4 Bg6 39. Bc5 Ke6 40. Bd4 Be4 41. Bc5 Kd7 42. Bd4 Kc7 43. Bxf6 c5 44. Be7 cxb4 45. Bxb4 Kb6 46. Ke3 a5 47. Ba3 Kc6 48. Be7 Kd7 49. Ba3 Ke6 50. Kd4 h5 51. Kc5 Bd3 52. Kd4 Bc4 53. Bc5 Kf5 54. Be7 Kf4 55. Kc5 Ke4 56. Kb6 Kd3 57. Bf6 a4 0-1